| 000 | 01881cam a22004814i 4500 | ||
|---|---|---|---|
| 003 | PE-LiUPU | ||
| 005 | 20250731172929.0 | ||
| 008 | 150623s1997 sp rb 000 0 spa d | ||
| 020 | _a8482391461 | ||
| 035 | _a(Sirsi) i9788482391465 | ||
| 040 |
_aPE-LiUPU _bspa _cPE-LiUPU _erda |
||
| 049 | _aPRUA | ||
| 082 | 0 | 4 |
_a253.5 _bC74 _221 |
| 100 | 1 |
_aCongregación para la doctrina de la fe, _eautor. |
|
| 245 | 1 | 0 |
_aCarta sobre la atención pastoral a las personas homosexuales / _cCong. para la Doctrina de la Fe ; introducción y comentarios, Joseph Ratzinger .. [et al.] ; prólogo, Javie r Salinas ; [traducción, Juan Manuel Burgos. |
| 264 | 1 |
_aMadrid : _bEdiciones Palabra, _c1997. |
|
| 300 |
_a123 páginas ; _c22 centímetros. |
||
| 336 |
_atext _2rdacontent |
||
| 337 |
_aunmediated _2rdamedia |
||
| 338 |
_avolume _2rdacarrier |
||
| 490 | 1 | _aLibros Palabra | |
| 504 | _aBibliografía al final de algunas páginas. | ||
| 505 | 0 | _aCarta sobre la atención pastoral a las personas hosexuales -- Comentarios -- Nota de la comisión permanente del episcopado español sobre matrimonio, familia y uniones homosexuales. | |
| 526 | _aSEG42 | ||
| 526 | _aSEG41 | ||
| 526 | _aSEG40 | ||
| 526 | _aSEG39 | ||
| 526 | _aP94 | ||
| 526 | _aP87 | ||
| 526 | _aP86 | ||
| 526 | _aP85 | ||
| 526 | _aP77 | ||
| 526 | _aP76 | ||
| 526 | _aP35 | ||
| 650 | 0 | 4 |
_aHomosexuales _xPastoral. |
| 700 | 1 | _aBenedicto XVI, Papa. | |
| 942 |
_2ddc _cBOOK |
||
| 949 |
_a253.5 C74 _wDEWEY _c1 _i43912 _lCCODEBUL1 _mBUL _r0 _sY _tBOOK _u2015-6-24 _xTEOLOGIA _PP35 _0COMPRA _o.STAFF. Colección Teología |
||
| 994 |
_aC0 _bPEPRU |
||
| 596 | _a1 | ||
| 999 |
_a253.5 C74 _wDEWEY _c20638 _i43912 _f2021-11-12 _g5 _lCCODEBUL1 _mBUL _p10.00 _r0 _sY _tBOOK _u2015-6-24 _xTEOLOGIA _PP35 _0COMPRA _o.STAFF. Colección Teología _d20638 |
||
| 980 |
_81 _gALBERTO SANCHEZ Responsable de Automatización |
||